[Event "Deutsche Blitz-Einzelmeisterschaft der Frauen 2021"]
[Site "Magdeburg"]
[Date "2021.08.01"]
[Round "12"]
[Board "7"]
[White "Kosovska, Olena"]
[Black "Skogvall, Martina"]
[Result "1-0"]
[WhiteElo "1965"]
[BlackElo "2014"]
[PlyCount "0"]
[EventDate "2021.08.01"]
[EventRounds "21"]
[EventCountry "GER"]

1. e4 {[%clk 0:03:04]} e6 {[%clk 0:03:03]} 2. d4 {[%clk 0:03:05]} d5 {[%clk
0:03:04]} 3. Nc3 {[%clk 0:03:05]} Bb4 {[%clk 0:03:05]} 4. e5 {[%clk 0:03:05]} Ne7
{[%clk 0:03:06]} 5. Nf3 {[%clk 0:03:02]} O-O {[%clk 0:03:05]} 6. Bd3 {[%clk
0:02:56]} c5 {[%clk 0:02:59]} 7. a3 {[%clk 0:02:54]} Bxc3+ {[%clk 0:02:59]} 8.
bxc3 {[%clk 0:02:55]} Nbc6 {[%clk 0:02:59]} 9. O-O {[%clk 0:02:42]} Nf5 {[%clk
0:02:53]} 10. Be3 {[%clk 0:02:28]} Qa5 {[%clk 0:02:39]} 11. Bxf5 {[%clk 0:01:48]}
exf5 {[%clk 0:02:39]} 12. Bd2 {[%clk 0:01:48]} Qc7 {[%clk 0:02:34]} 13. Rb1
{[%clk 0:01:44]} b6 {[%clk 0:02:32]} 14. Re1 {[%clk 0:01:40]} Be6 {[%clk
0:02:21]} 15. h3 {[%clk 0:01:39]} Na5 {[%clk 0:02:03]} 16. Ng5 {[%clk 0:01:10]}
Qe7 {[%clk 0:01:52]} 17. Qe2 {[%clk 0:00:53]} Nc4 {[%clk 0:01:35]} 18. Bc1 {[%clk
0:00:54]} cxd4 {[%clk 0:01:27]} 19. cxd4 {[%clk 0:00:50]} Nxa3 {[%clk 0:01:26]}
20. Bxa3 {[%clk 0:00:49]} Qxa3 {[%clk 0:01:24]} 21. Rb3 {[%clk 0:00:46]} Qe7
{[%clk 0:01:22]} 22. Rg3 {[%clk 0:00:46]} h6 {[%clk 0:01:08]} 23. Nf3 {[%clk
0:00:34]} Rfc8 {[%clk 0:01:02]} 24. Qd2 {[%clk 0:00:33]} Kh7 {[%clk 0:00:51]} 25.
Rb1 {[%clk 0:00:29]} Rc4 {[%clk 0:00:41]} 26. Qd3 {[%clk 0:00:28]} Rac8 {[%clk
0:00:34]} 27. Ne1 {[%clk 0:00:17]} Rc3 {[%clk 0:00:31]} 28. Qd2 {[%clk 0:00:13]}
Rxg3 {[%clk 0:00:30]} 29. fxg3 {[%clk 0:00:14]} Qg5 {[%clk 0:00:20]} 30. Qd3
{[%clk 0:00:15]} g6 {[%clk 0:00:13]} 31. Nf3 {[%clk 0:00:16]} Qe7 {[%clk
0:00:03]} 32. Ra1 {[%clk 0:00:17]} Qc7 {[%clk 0:00:09]} 33. Ne1 {[%clk 0:00:17]}
a5 {[%clk 0:00:06]} 34. Rb1 {[%clk 0:00:13]} Bd7 {[%clk 0:00:04]} 35. Kh2 {[%clk
0:00:14]} b5 {[%clk 0:00:05]} 36. Qa3 {[%clk 0:00:14]} b4 {[%clk 0:00:05]} 37.
Qa2 {[%clk 0:00:12]} Qc4 {[%clk 0:00:05]} 38. Qxa5 {[%clk 0:00:01]} Qxd4 {[%clk
0:00:05]} 39. Qa6 {[%clk 0:00:01]} Rd8 {[%clk 0:00:05]}  1-0

[Event "Deutsche Blitz-Einzelmeisterschaft der Frauen 2021"]
[Site "Magdeburg"]
[Date "2021.08.01"]
[Round "12"]
[Board "8"]
[White "Braun, Kristin"]
[Black "Muetsch, Annmarie"]
[Result "0-1"]
[WhiteElo "1846"]
[BlackElo "2294"]
[PlyCount "0"]
[EventDate "2021.08.01"]
[EventRounds "21"]
[EventCountry "GER"]

1. e4 {[%clk 0:03:04]} d6 {[%clk 0:03:04]} 2. d4 {[%clk 0:03:05]} Nf6 {[%clk
0:03:05]} 3. Nc3 {[%clk 0:03:05]} Nbd7 {[%clk 0:03:06]} 4. f4 {[%clk 0:03:05]} e5
{[%clk 0:02:58]} 5. Nf3 {[%clk 0:02:37]} Qe7 {[%clk 0:02:43]} 6. Bc4 {[%clk
0:02:27]} h6 {[%clk 0:02:32]} 7. dxe5 {[%clk 0:01:57]} dxe5 {[%clk 0:02:32]} 8.
f5 {[%clk 0:01:58]} c6 {[%clk 0:02:23]} 9. Qe2 {[%clk 0:01:46]} Qb4 {[%clk
0:02:07]} 10. a3 {[%clk 0:01:14]} Qb6 {[%clk 0:02:04]} 11. Bb3 {[%clk 0:01:09]}
Qc7 {[%clk 0:01:41]} 12. Qc4 {[%clk 0:00:53]} Nc5 {[%clk 0:01:30]} 13. Ba2 {[%clk
0:00:41]} b5 {[%clk 0:01:28]} 14. Qe2 {[%clk 0:00:21]} Ba6 {[%clk 0:01:21]} 15.
b4 {[%clk 0:00:21]} Ncd7 {[%clk 0:01:15]} 16. Be3 {[%clk 0:00:20]} Rb8 {[%clk
0:01:02]} 17. O-O-O c5 {[%clk 0:00:58]} 18. Nd5 {[%clk 0:00:17]} Nxd5 {[%clk
0:00:58]} 19. Rxd5 {[%clk 0:00:18]} Bb7 {[%clk 0:00:52]} 20. Rd2 {[%clk 0:00:17]}
cxb4 {[%clk 0:00:50]} 21. axb4 {[%clk 0:00:18]} Bxb4 {[%clk 0:00:50]} 22. Rd3
{[%clk 0:00:18]} Bxe4 {[%clk 0:00:49]} 23. Rb3 {[%clk 0:00:17]} a5 {[%clk
0:00:46]} 24. Rd1 {[%clk 0:00:18]} Rc8 {[%clk 0:00:44]} 25. Rb2 {[%clk 0:00:19]}
Ba3 {[%clk 0:00:44]} 26. Qxb5 {[%clk 0:00:17]} Qxc2# {[%clk 0:00:43]}  0-1

[Event "Deutsche Blitz-Einzelmeisterschaft der Frauen 2021"]
[Site "Magdeburg"]
[Date "2021.08.01"]
[Round "12"]
[Board "9"]
[White "Schlueter, Sabrina"]
[Black "Albayrak, Berrak"]
[Result "0-1"]
[WhiteElo "1790"]
[BlackElo "1491"]
[PlyCount "0"]
[EventDate "2021.08.01"]
[EventRounds "21"]
[EventCountry "GER"]

1. c4 {[%clk 0:03:03]} d6 {[%clk 0:03:03]} 2. Nc3 {[%clk 0:03:04]} Nf6 {[%clk
0:03:05]} 3. g3 {[%clk 0:03:06]} g6 {[%clk 0:03:06]} 4. Bg2 {[%clk 0:03:07]} Bg7
{[%clk 0:03:07]} 5. d3 {[%clk 0:03:08]} O-O {[%clk 0:03:08]} 6. Nf3 {[%clk
0:03:09]} c5 {[%clk 0:03:09]} 7. O-O {[%clk 0:03:09]} Nc6 {[%clk 0:03:09]} 8. e4
{[%clk 0:03:10]} a6 {[%clk 0:03:00]} 9. Bg5 {[%clk 0:03:07]} Rb8 {[%clk 0:02:57]}
10. a4 {[%clk 0:03:07]} Nb4 {[%clk 0:02:42]} 11. b3 {[%clk 0:02:59]} Nd7 {[%clk
0:02:16]} 12. Rc1 {[%clk 0:02:49]} Ne5 {[%clk 0:01:48]} 13. Ne1 {[%clk 0:02:32]}
Nec6 {[%clk 0:01:18]} 14. Nd5 {[%clk 0:02:11]} h6 {[%clk 0:01:02]} 15. Be3 {[%clk
0:02:04]} b5 {[%clk 0:00:42]} 16. axb5 {[%clk 0:02:01]} axb5 {[%clk 0:00:43]} 17.
Qd2 {[%clk 0:01:52]} Kh7 {[%clk 0:00:37]} 18. Nxb4 {[%clk 0:01:43]} Nxb4 {[%clk
0:00:33]} 19. Nc2 {[%clk 0:01:32]} bxc4 {[%clk 0:00:34]} 20. bxc4 {[%clk
0:01:27]} f5 {[%clk 0:00:17]} 21. f4 {[%clk 0:01:17]} e6 {[%clk 0:00:09]} 22. Rb1
{[%clk 0:01:03]} Qa5 {[%clk 0:00:04]} 23. Rb3 {[%clk 0:00:47]} Bd7 {[%clk
0:00:05]} 24. Rfb1 {[%clk 0:00:39]} Ba4 {[%clk 0:00:05]} 25. Ra3 {[%clk 0:00:33]}
Nxc2 {[%clk 0:00:03]} 26. Qxa5 {[%clk 0:00:15]} Rxb1+ {[%clk 0:00:04]} 27. Kf2
{[%clk 0:00:12]} Nxa3 {[%clk 0:00:05]} 28. Qxa4 {[%clk 0:00:05]} Rb2+ {[%clk
0:00:06]}  0-1

[Event "Deutsche Blitz-Einzelmeisterschaft der Frauen 2021"]
[Site "Magdeburg"]
[Date "2021.08.01"]
[Round "12"]
[Board "10"]
[White "Paehtz, Elisabeth"]
[Black "Stangl, Anita"]
[Result "1-0"]
[WhiteElo "2410"]
[BlackElo "1982"]
[PlyCount "0"]
[EventDate "2021.08.01"]
[EventRounds "21"]
[EventCountry "GER"]

1. d4 {[%clk 0:03:03]} e6 {[%clk 0:03:04]} 2. Nf3 {[%clk 0:03:04]} d5 {[%clk
0:03:05]} 3. Bf4 {[%clk 0:03:04]} c6 {[%clk 0:03:02]} 4. e3 {[%clk 0:03:04]} Bd6
{[%clk 0:03:03]} 5. Bg3 {[%clk 0:03:05]} f5 {[%clk 0:03:00]} 6. c4 {[%clk
0:03:03]} Nf6 {[%clk 0:03:01]} 7. Nc3 {[%clk 0:02:54]} O-O {[%clk 0:03:00]} 8.
Be2 {[%clk 0:03:04]} Ne4 {[%clk 0:02:58]} 9. Bxd6 {[%clk 0:03:00]} Qxd6 {[%clk
0:02:57]} 10. Qc2 {[%clk 0:02:49]} Nd7 {[%clk 0:02:51]} 11. O-O {[%clk 0:02:46]}
Rf6 {[%clk 0:02:45]} 12. Rac1 {[%clk 0:02:30]} Rh6 {[%clk 0:02:45]} 13. g3 {[%clk
0:02:28]} Qe7 {[%clk 0:02:29]} 14. Kg2 {[%clk 0:02:17]} g5 {[%clk 0:02:18]} 15.
Ne5 {[%clk 0:02:06]} Nxe5 {[%clk 0:02:02]} 16. dxe5 {[%clk 0:02:06]} Qg7 {[%clk
0:01:51]} 17. f3 {[%clk 0:01:58]} Nc5 {[%clk 0:01:24]} 18. cxd5 {[%clk 0:01:47]}
cxd5 {[%clk 0:01:11]} 19. Nxd5 {[%clk 0:01:42]} exd5 {[%clk 0:01:12]} 20. Qxc5
{[%clk 0:01:43]} Qxe5 {[%clk 0:01:13]} 21. Qd4 {[%clk 0:01:39]} Qe6 {[%clk
0:01:00]} 22. Rc7 {[%clk 0:01:33]} Bd7 {[%clk 0:00:56]} 23. Rd1 {[%clk 0:01:31]}
f4 {[%clk 0:00:43]} 24. Qxd5 {[%clk 0:01:31]} Qxd5 {[%clk 0:00:44]} 25. Rxd5
{[%clk 0:01:31]} Bc6 {[%clk 0:00:46]} 26. Rxg5+ {[%clk 0:01:31]} Kf8 {[%clk
0:00:48]} 27. gxf4 {[%clk 0:01:26]} Rd8 {[%clk 0:00:36]} 28. Bc4 {[%clk 0:01:14]}
Rd2+ {[%clk 0:00:36]} 29. Kg3 {[%clk 0:01:15]} Rhxh2 {[%clk 0:00:49]} 30. Rf7+
{[%clk 0:01:15]} Ke8 {[%clk 0:00:29]}  1-0

[Event "Deutsche Blitz-Einzelmeisterschaft der Frauen 2021"]
[Site "Magdeburg"]
[Date "2021.08.01"]
[Round "12"]
[Board "11"]
[White "Hofmann, Karina"]
[Black "Voicu-Jagodzinsky, Carmen"]
[Result "0-1"]
[WhiteElo "1734"]
[BlackElo "2194"]
[PlyCount "0"]
[EventDate "2021.08.01"]
[EventRounds "21"]
[EventCountry "GER"]

1. f4 {[%clk 0:03:02]} e5 {[%clk 0:03:02]} 2. fxe5 {[%clk 0:02:42]} d6 {[%clk
0:03:02]} 3. exd6 {[%clk 0:03:01]} Bxd6 {[%clk 0:03:05]} 4. g3 {[%clk 0:02:58]}
Nc6 {[%clk 0:03:03]} 5. Bg2 {[%clk 0:02:47]} Nf6 {[%clk 0:03:03]} 6. d4 {[%clk
0:02:47]} Bf5 {[%clk 0:02:57]} 7. Bg5 {[%clk 0:02:51]} h6 {[%clk 0:02:56]} 8.
Bxf6 {[%clk 0:02:50]} Qxf6 {[%clk 0:02:57]} 9. c3 {[%clk 0:02:48]} O-O {[%clk
0:02:48]} 10. Nd2 {[%clk 0:02:42]} Rfe8 {[%clk 0:02:46]} 11. Ngf3 {[%clk
0:02:33]} Qe6 {[%clk 0:02:27]} 12. O-O {[%clk 0:02:12]} Qxe2 {[%clk 0:02:25]} 13.
Qxe2 {[%clk 0:02:13]} Rxe2 {[%clk 0:02:26]} 14. Rae1 {[%clk 0:02:14]} Rae8 {[%clk
0:02:27]} 15. Nc4 {[%clk 0:02:06]} Bf8 {[%clk 0:02:06]} 16. Rxe2 {[%clk 0:02:05]}
Rxe2 {[%clk 0:02:07]} 17. Rf2 {[%clk 0:02:06]} Rxf2 {[%clk 0:02:01]} 18. Kxf2
{[%clk 0:02:08]} f6 {[%clk 0:01:57]} 19. Nh4 {[%clk 0:02:07]} Bb1 {[%clk
0:01:51]} 20. Bxc6 {[%clk 0:02:06]} bxc6 {[%clk 0:01:49]} 21. a3 {[%clk 0:02:02]}
Kf7 {[%clk 0:01:47]} 22. Nf5 {[%clk 0:02:01]} Bxf5 {[%clk 0:01:46]} 23. Na5
{[%clk 0:02:01]} Be4 {[%clk 0:01:46]} 24. Ke3 {[%clk 0:02:00]} Bh1 {[%clk
0:01:47]} 25. c4 {[%clk 0:01:51]} g5 {[%clk 0:01:48]} 26. Nb7 {[%clk 0:01:47]} h5
{[%clk 0:01:43]}  0-1

[Event "Deutsche Blitz-Einzelmeisterschaft der Frauen 2021"]
[Site "Magdeburg"]
[Date "2021.08.01"]
[Round "13"]
[Board "1"]
[White "Voicu-Jagodzinsky, Carmen"]
[Black "Wulf, Constanze"]
[Result "1-0"]
[WhiteElo "2194"]
[BlackElo "1817"]
[PlyCount "0"]
[EventDate "2021.08.01"]
[EventRounds "21"]
[EventCountry "GER"]

1. e4 {[%clk 0:03:03]} c5 {[%clk 0:02:54]} 2. Nf3 {[%clk 0:03:04]} d6 {[%clk
0:03:03]} 3. d4 {[%clk 0:03:05]} cxd4 {[%clk 0:03:04]} 4. Qxd4 {[%clk 0:03:06]}
Nc6 {[%clk 0:02:55]} 5. Bb5 {[%clk 0:03:06]} Nf6 {[%clk 0:02:25]} 6. Nc3 {[%clk
0:03:02]} Bd7 {[%clk 0:02:20]} 7. Bxc6 {[%clk 0:03:03]} Bxc6 {[%clk 0:02:19]} 8.
Bg5 {[%clk 0:03:02]} e6 {[%clk 0:02:14]} 9. O-O-O {[%clk 0:03:00]} Be7 {[%clk
0:02:11]} 10. h4 {[%clk 0:02:48]} Qc7 {[%clk 0:02:02]} 11. Kb1 {[%clk 0:02:49]}
O-O {[%clk 0:01:53]} 12. h5 {[%clk 0:02:47]} h6 {[%clk 0:01:53]} 13. Bh4 {[%clk
0:02:33]} Rfd8 {[%clk 0:01:41]} 14. g4 {[%clk 0:02:28]} Nxg4 {[%clk 0:01:16]} 15.
Rdg1 {[%clk 0:02:16]} e5 {[%clk 0:00:37]} 16. Qd2 {[%clk 0:02:16]} Bxh4 {[%clk
0:00:26]} 17. Rxh4 {[%clk 0:02:08]} f5 {[%clk 0:00:07]} 18. Nh2 {[%clk 0:01:36]}
Nxh2 {[%clk 0:00:04]} 19. Rxh2 {[%clk 0:01:35]} Kh8 {[%clk 0:00:04]} 20. exf5
{[%clk 0:01:23]} Rf8 {[%clk 0:00:04]} 21. Qd3 {[%clk 0:00:57]} Rf7 {[%clk
0:00:05]} 22. Ne4 {[%clk 0:00:58]} Bxe4 {[%clk 0:00:05]} 23. Qxe4 {[%clk
0:00:58]} Raf8 {[%clk 0:00:06]} 24. Rhg2 {[%clk 0:00:57]} Qc5 {[%clk 0:00:05]}
25. f6 {[%clk 0:00:51]} Qc7 {[%clk 0:00:04]} 26. fxg7+ {[%clk 0:00:49]} Rxg7
{[%clk 0:00:05]} 27. Rxg7 {[%clk 0:00:50]} Qxg7 {[%clk 0:00:06]} 28. Rxg7 {[%clk
0:00:51]} Kxg7 {[%clk 0:00:07]} 29. Qg6+ {[%clk 0:00:52]} Kh8 {[%clk 0:00:08]}
30. Qxh6+ {[%clk 0:00:52]} Kg8 {[%clk 0:00:09]}  1-0

[Event "Deutsche Blitz-Einzelmeisterschaft der Frauen 2021"]
[Site "Magdeburg"]
[Date "2021.08.01"]
[Round "13"]
[Board "2"]
[White "Stangl, Anita"]
[Black "Hofmann, Karina"]
[Result "1-0"]
[WhiteElo "1982"]
[BlackElo "1734"]
[PlyCount "0"]
[EventDate "2021.08.01"]
[EventRounds "21"]
[EventCountry "GER"]

1. e4 {[%clk 0:03:04]} b6 {[%clk 0:03:03]} 2. Nf3 {[%clk 0:03:04]} Bb7 {[%clk
0:03:04]} 3. Nc3 {[%clk 0:03:05]} g6 {[%clk 0:03:05]} 4. d4 {[%clk 0:03:06]} Bg7
{[%clk 0:03:06]} 5. Bc4 {[%clk 0:03:03]} e6 {[%clk 0:03:07]} 6. O-O {[%clk
0:03:03]} Ne7 {[%clk 0:03:08]} 7. Bg5 {[%clk 0:03:03]} c6 {[%clk 0:03:05]} 8. Qd2
{[%clk 0:03:02]} b5 {[%clk 0:03:02]} 9. Bd3 {[%clk 0:03:00]} a6 {[%clk 0:03:02]}
10. a3 {[%clk 0:03:00]} d6 {[%clk 0:03:01]} 11. Rfe1 {[%clk 0:02:58]} Nd7 {[%clk
0:03:01]} 12. Bh6 {[%clk 0:02:51]} Bxh6 {[%clk 0:02:53]} 13. Qxh6 {[%clk
0:02:51]} Ng8 {[%clk 0:02:45]} 14. Qe3 {[%clk 0:02:42]} f6 {[%clk 0:02:44]} 15.
d5 {[%clk 0:02:34]} e5 {[%clk 0:02:39]} 16. dxc6 {[%clk 0:02:32]} Bxc6 {[%clk
0:02:40]} 17. Rad1 {[%clk 0:02:33]} Qc7 {[%clk 0:02:38]} 18. Nh4 {[%clk 0:02:22]}
O-O-O {[%clk 0:02:37]} 19. Na2 {[%clk 0:02:16]} Nc5 {[%clk 0:02:37]} 20. Nb4
{[%clk 0:02:12]} Kb7 {[%clk 0:02:38]} 21. Nxc6 {[%clk 0:02:02]} Qxc6 {[%clk
0:02:38]} 22. c4 {[%clk 0:02:00]} Nxd3 {[%clk 0:02:31]} 23. cxb5 {[%clk 0:01:58]}
Qxb5 {[%clk 0:02:26]} 24. Rxd3 {[%clk 0:01:59]} Ka8 {[%clk 0:02:16]} 25. Rb3
{[%clk 0:01:57]} Qc5 {[%clk 0:02:08]} 26. Qd3 {[%clk 0:01:57]} Qa7 {[%clk
0:02:12]} 27. Qd5+ {[%clk 0:01:53]}  1-0

[Event "Deutsche Blitz-Einzelmeisterschaft der Frauen 2021"]
[Site "Magdeburg"]
[Date "2021.08.01"]
[Round "13"]
[Board "3"]
[White "Albayrak, Berrak"]
[Black "Paehtz, Elisabeth"]
[Result "0-1"]
[WhiteElo "1491"]
[BlackElo "2410"]
[PlyCount "0"]
[EventDate "2021.08.01"]
[EventRounds "21"]
[EventCountry "GER"]

1. e4 {[%clk 0:03:04]} c5 {[%clk 0:03:03]} 2. Nc3 {[%clk 0:03:04]} Nc6 {[%clk
0:03:04]} 3. g3 {[%clk 0:03:05]} g6 {[%clk 0:03:05]} 4. Bg2 {[%clk 0:03:07]} Bg7
{[%clk 0:03:06]} 5. d3 {[%clk 0:03:07]} d6 {[%clk 0:03:07]} 6. Be3 {[%clk
0:03:08]} Nd4 {[%clk 0:03:08]} 7. Qd2 {[%clk 0:03:06]} Qa5 {[%clk 0:03:09]} 8. f4
{[%clk 0:02:28]} Nh6 {[%clk 0:03:08]} 9. h3 {[%clk 0:02:24]} f5 {[%clk 0:03:09]}
10. e5 {[%clk 0:02:07]} dxe5 {[%clk 0:03:00]} 11. fxe5 {[%clk 0:02:06]} Nf7
{[%clk 0:02:58]} 12. Nge2 {[%clk 0:01:30]} Bxe5 {[%clk 0:02:38]} 13. Bf4 {[%clk
0:01:11]} O-O {[%clk 0:02:16]} 14. Bxe5 {[%clk 0:01:11]} Nxe5 {[%clk 0:02:16]}
15. O-O {[%clk 0:01:03]} e6 {[%clk 0:02:09]} 16. Qf4 {[%clk 0:00:47]} Nec6 {[%clk
0:01:58]} 17. g4 {[%clk 0:00:23]} Nxc2 {[%clk 0:01:52]} 18. Rac1 {[%clk 0:00:21]}
N2d4 {[%clk 0:01:53]} 19. Nxd4 {[%clk 0:00:12]} Nxd4 {[%clk 0:01:52]} 20. Qd6
{[%clk 0:00:11]} Qb6 {[%clk 0:01:44]} 21. Qe5 {[%clk 0:00:10]} Nc6 {[%clk
0:01:18]} 22. Qe3 {[%clk 0:00:10]} c4 {[%clk 0:01:09]} 23. Qxb6 {[%clk 0:00:09]}
axb6 {[%clk 0:01:10]} 24. dxc4 {[%clk 0:00:10]} Nd4 {[%clk 0:01:08]} 25. Rfd1
{[%clk 0:00:08]} e5 {[%clk 0:01:06]} 26. Nd5 {[%clk 0:00:08]} Rxa2 {[%clk
0:01:04]} 27. Rd2 {[%clk 0:00:05]} Nb3 {[%clk 0:01:04]} 28. Rcd1 {[%clk 0:00:05]}
Nxd2 {[%clk 0:00:55]} 29. Rxd2 {[%clk 0:00:06]} Be6 {[%clk 0:01:03]} 30. Nxb6
{[%clk 0:00:06]} e4 {[%clk 0:01:01]} 31. c5 Ra1+ {[%clk 0:00:56]} 32. Kf2 Rb1
{[%clk 0:00:55]} 33. Ke3 {[%clk 0:00:05]} Re1+ {[%clk 0:00:52]} 34. Kf4 {[%clk
0:00:04]} fxg4+ {[%clk 0:00:51]} 35. Kg3 {[%clk 0:00:05]} gxh3 {[%clk 0:00:49]}
36. Bxh3 {[%clk 0:00:06]} Re3+ {[%clk 0:00:50]} 37. Kg2 {[%clk 0:00:06]} Bxh3+
{[%clk 0:00:51]}  0-1

[Event "Deutsche Blitz-Einzelmeisterschaft der Frauen 2021"]
[Site "Magdeburg"]
[Date "2021.08.01"]
[Round "13"]
[Board "4"]
[White "Muetsch, Annmarie"]
[Black "Schlueter, Sabrina"]
[Result "1-0"]
[WhiteElo "2294"]
[BlackElo "1790"]
[PlyCount "0"]
[EventDate "2021.08.01"]
[EventRounds "21"]
[EventCountry "GER"]

1. e4 {[%clk 0:03:02]} c6 {[%clk 0:03:04]} 2. Ne2 {[%clk 0:03:02]} g6 {[%clk
0:03:05]} 3. d4 {[%clk 0:03:01]} Bg7 {[%clk 0:03:06]} 4. Nbc3 {[%clk 0:03:00]} d5
{[%clk 0:03:07]} 5. e5 {[%clk 0:02:54]} Bg4 {[%clk 0:03:05]} 6. f3 {[%clk
0:02:55]} Bf5 {[%clk 0:03:03]} 7. Ng3 {[%clk 0:02:52]} Qc8 {[%clk 0:02:52]} 8.
Nxf5 {[%clk 0:02:49]} Qxf5 {[%clk 0:02:52]} 9. Bd3 {[%clk 0:02:49]} Qd7 {[%clk
0:02:46]} 10. Ne2 {[%clk 0:02:29]} f6 {[%clk 0:02:45]} 11. f4 {[%clk 0:02:26]}
Nh6 {[%clk 0:02:16]} 12. O-O {[%clk 0:02:22]} O-O {[%clk 0:02:10]} 13. Ng3 {[%clk
0:02:18]} f5 {[%clk 0:02:00]} 14. Qe2 {[%clk 0:02:07]} e6 {[%clk 0:01:58]} 15.
Kh1 {[%clk 0:02:03]} Qe7 {[%clk 0:01:38]} 16. Qe1 {[%clk 0:01:34]} Nd7 {[%clk
0:01:35]} 17. Be3 {[%clk 0:01:31]} Rac8 {[%clk 0:01:18]} 18. c4 {[%clk 0:01:30]}
dxc4 {[%clk 0:01:05]} 19. Bxc4 {[%clk 0:01:31]} Nb6 {[%clk 0:01:06]} 20. Be2
{[%clk 0:01:13]} Rfd8 {[%clk 0:00:55]} 21. Bg1 {[%clk 0:01:01]} Nd5 {[%clk
0:00:47]} 22. Bd1 {[%clk 0:00:46]} Bf8 {[%clk 0:00:42]} 23. a3 {[%clk 0:00:46]}
Qh4 {[%clk 0:00:33]} 24. Ne2 {[%clk 0:00:42]} Qxe1 {[%clk 0:00:29]} 25. Rxe1
{[%clk 0:00:43]} Ng4 {[%clk 0:00:20]} 26. Nc3 {[%clk 0:00:39]} Nh6 {[%clk
0:00:12]} 27. g3 {[%clk 0:00:33]} Nf7 {[%clk 0:00:10]} 28. Bb3 {[%clk 0:00:24]}
Ra8 {[%clk 0:03:02]}  1-0

[Event "Deutsche Blitz-Einzelmeisterschaft der Frauen 2021"]
[Site "Magdeburg"]
[Date "2021.08.01"]
[Round "13"]
[Board "5"]
[White "Skogvall, Martina"]
[Black "Braun, Kristin"]
[Result "1/2-1/2"]
[WhiteElo "2014"]
[BlackElo "1846"]
[PlyCount "0"]
[EventDate "2021.08.01"]
[EventRounds "21"]
[EventCountry "GER"]

1. e4 {[%clk 0:03:03]} c5 {[%clk 0:03:04]} 2. Nc3 {[%clk 0:03:04]} g6 {[%clk
0:03:05]} 3. f4 {[%clk 0:03:00]} Bg7 {[%clk 0:03:06]} 4. Nf3 {[%clk 0:03:01]} Nc6
{[%clk 0:03:08]} 5. Bc4 {[%clk 0:03:02]} e6 {[%clk 0:03:08]} 6. d3 {[%clk
0:03:02]} Nge7 {[%clk 0:03:09]} 7. O-O {[%clk 0:03:02]} O-O {[%clk 0:03:09]} 8.
a3 {[%clk 0:03:02]} d5 {[%clk 0:02:58]} 9. Bb3 {[%clk 0:03:03]} Rb8 {[%clk
0:02:55]} 10. Qe1 {[%clk 0:03:03]} Nd4 {[%clk 0:02:50]} 11. Nxd4 {[%clk 0:02:50]}
cxd4 {[%clk 0:02:49]} 12. Ne2 {[%clk 0:02:51]} dxe4 {[%clk 0:02:33]} 13. dxe4
{[%clk 0:02:50]} b5 {[%clk 0:02:30]} 14. Qg3 {[%clk 0:02:37]} Qb6 {[%clk
0:01:38]} 15. Kh1 {[%clk 0:02:36]} a5 {[%clk 0:01:37]} 16. Bd2 {[%clk 0:02:20]}
Bb7 {[%clk 0:01:35]} 17. Qd3 {[%clk 0:02:02]} Rfd8 {[%clk 0:01:14]} 18. Rf3
{[%clk 0:01:54]} f5 {[%clk 0:01:01]} 19. Rh3 {[%clk 0:01:20]} Bxe4 {[%clk
0:00:53]} 20. Qg3 {[%clk 0:01:21]} d3 {[%clk 0:00:47]} 21. Nc3 {[%clk 0:01:05]}
dxc2 {[%clk 0:00:37]} 22. Nxe4 {[%clk 0:00:59]} fxe4 {[%clk 0:00:37]} 23. Qh4
{[%clk 0:00:59]} Rxd2 {[%clk 0:00:31]} 24. Qxe7 {[%clk 0:00:45]} Rbd8 {[%clk
0:00:20]} 25. Bxe6+ {[%clk 0:00:44]} Kh8 {[%clk 0:00:22]} 26. Rxh7+ {[%clk
0:00:16]} Kxh7 {[%clk 0:00:23]} 27. Qh4+ {[%clk 0:00:16]} Bh6 {[%clk 0:00:24]}
28. Qe7+ {[%clk 0:00:15]} Kh8 {[%clk 0:00:17]} 29. Qf6+ {[%clk 0:00:16]} Kh7
{[%clk 0:00:16]} 30. Qf7+ {[%clk 0:00:17]} Kh8 {[%clk 0:00:17]} 31. Qf6+ {[%clk
0:00:18]} Kh7 {[%clk 0:00:18]} 32. Qf7+ {[%clk 0:00:18]}  1/2-1/2

[Event "Deutsche Blitz-Einzelmeisterschaft der Frauen 2021"]
[Site "Magdeburg"]
[Date "2021.08.01"]
[Round "13"]
[Board "6"]
[White "Zeller, Elisa"]
[Black "Kosovska, Olena"]
[Result "1-0"]
[WhiteElo "1917"]
[BlackElo "1965"]
[PlyCount "0"]
[EventDate "2021.08.01"]
[EventRounds "21"]
[EventCountry "GER"]

1. e4 {[%clk 0:03:03]} c5 {[%clk 0:03:04]} 2. Nf3 {[%clk 0:03:04]} Nc6 {[%clk
0:03:05]} 3. d4 {[%clk 0:03:05]} cxd4 {[%clk 0:03:06]} 4. Nxd4 {[%clk 0:03:05]}
e5 {[%clk 0:09:07]} 5. Nb5 {[%clk 0:03:05]} a6 {[%clk 0:03:09]} 6. Nd6+ {[%clk
0:03:01]} Bxd6 {[%clk 0:03:09]} 7. Qxd6 {[%clk 0:03:01]} Qf6 {[%clk 0:03:10]} 8.
Qd1 {[%clk 0:03:00]} Qg6 {[%clk 0:03:11]} 9. Nc3 {[%clk 0:02:59]} Nge7 {[%clk
0:03:11]} 10. g3 {[%clk 0:03:00]} d6 {[%clk 0:03:10]} 11. Bg2 {[%clk 0:03:01]}
Bg4 {[%clk 0:03:04]} 12. f3 {[%clk 0:02:46]} Bd7 {[%clk 0:03:06]} 13. O-O {[%clk
0:02:45]} f5 {[%clk 0:02:49]} 14. Be3 {[%clk 0:02:45]} O-O {[%clk 0:02:46]} 15.
Nd5 {[%clk 0:02:40]} fxe4 {[%clk 0:02:17]} 16. Nxe7+ {[%clk 0:02:14]} Nxe7 {[%clk
0:02:08]} 17. fxe4 {[%clk 0:02:13]} Bc6 {[%clk 0:02:05]} 18. Qd3 {[%clk 0:02:08]}
Bb5 {[%clk 0:01:56]} 19. c4 {[%clk 0:02:06]} Bc6 {[%clk 0:01:56]} 20. Rad1 {[%clk
0:02:07]} Rxf1+ {[%clk 0:01:46]} 21. Rxf1 {[%clk 0:02:08]} Qe6 {[%clk 0:01:19]}
22. Rd1 {[%clk 0:02:02]} Rd8 {[%clk 0:01:16]} 23. Bb6 {[%clk 0:01:39]} Rd7 {[%clk
0:01:14]} 24. Qf1 {[%clk 0:01:39]} Nc8 {[%clk 0:01:05]} 25. Bh3 {[%clk 0:01:32]}
Qg6 {[%clk 0:00:58]} 26. Bxd7 {[%clk 0:01:25]} Bxd7 {[%clk 0:00:58]} 27. Qf2
{[%clk 0:01:01]} Qxe4 {[%clk 0:00:57]} 28. Rf1 {[%clk 0:01:01]} h6 {[%clk
0:00:37]} 29. Qf7+ {[%clk 0:00:48]} Kh7 {[%clk 0:00:39]} 30. Qxd7 {[%clk
0:00:48]} Nxb6 {[%clk 0:00:40]} 31. Qf5+ {[%clk 0:00:47]} Qxf5 {[%clk 0:00:40]}
32. Rxf5 {[%clk 0:00:48]} Nxc4 {[%clk 0:00:41]} 33. b3 {[%clk 0:00:48]} Nb6
{[%clk 0:00:36]} 34. Rf7 {[%clk 0:00:47]} Kg6 {[%clk 0:00:22]} 35. Rxb7 {[%clk
0:00:48]} Nc8 {[%clk 0:00:23]} 36. Rc7 {[%clk 0:00:48]} Nb6 {[%clk 0:00:14]} 37.
Rc6 {[%clk 0:00:43]} Na8 {[%clk 0:00:20]} 38. Rxd6+ {[%clk 0:00:44]} Kf5 {[%clk
0:00:21]} 39. Rxa6 {[%clk 0:00:41]} Nc7 {[%clk 0:00:23]} 40. Ra7 {[%clk 0:00:41]}
Nd5 {[%clk 0:00:24]} 41. Rxg7 {[%clk 0:00:39]} e4 {[%clk 0:00:25]} 42. Kf2 {[%clk
0:00:38]} Nb4 {[%clk 0:00:21]} 43. a4 {[%clk 0:00:36]} Nd3+ {[%clk 0:00:21]} 44.
Ke3 {[%clk 0:00:37]} Nc5 {[%clk 0:00:22]} 45. b4 {[%clk 0:00:37]} Ne6 {[%clk
0:00:22]} 46. Re7 {[%clk 0:00:33]} Ng5 {[%clk 0:00:23]} 47. a5 {[%clk 0:00:34]}
Kf6 {[%clk 0:00:14]} 48. Rxe4 {[%clk 0:00:34]} Nxe4 {[%clk 0:00:14]} 49. Kxe4
{[%clk 0:00:35]}  1-0